Полимерные пены и технологии вспенивания: пер. с англ.

Bibliografiske detaljer
Hovedforfatter: Клемпнер Д. Дэниел
Andre forfattere: Сендиджаревич В. Вахид
Summary:На тит. листе второй автор не указан.
Один из самых быстрорастущих секторов индустрии пластмасс впервые получает современное справочное издание, выпущенное на русском языке. В книге описаны основные виды полимерных пен, их свойства, способы производства и сферы применения. Для широкого круга специалистов полимерной отрасли и смежных отраслей (строительных материалов, спортивных товаров, упаковки, транспортных средств и др.).
Sprog:russisk
Udgivet: Санкт-Петербург, Профессия, 2009
Fag:
Format: MixedMaterials Bog
KOHA link:https://koha.lib.tpu.ru/cgi-bin/koha/opac-detail.pl?biblionumber=138219

MARC

LEADER 00000nam0a2200000 4500
001 138219
005 20231101220729.0
010 |a 9785939131568 
035 |a (RuTPU)RU\TPU\book\149773 
090 |a 138219 
100 |a 20080522d2009 km y0rusy50 ca 
101 1 |a rus  |c eng 
102 |a RU 
105 |a a z 001zy 
200 1 |a Полимерные пены и технологии вспенивания  |e пер. с англ.  |f Д. Клемпнер, В. Сендиджаревич 
210 |a Санкт-Петербург  |c Профессия  |d 2009 
215 |a 600 с.  |c ил. 
300 |a На тит. листе второй автор не указан. 
320 |a Библиография в конце глав. 
320 |a Предметный указатель: с. 593-599. 
330 |a Один из самых быстрорастущих секторов индустрии пластмасс впервые получает современное справочное издание, выпущенное на русском языке. В книге описаны основные виды полимерных пен, их свойства, способы производства и сферы применения. Для широкого круга специалистов полимерной отрасли и смежных отраслей (строительных материалов, спортивных товаров, упаковки, транспортных средств и др.). 
606 1 |a Пенопласты  |2 stltpush  |3 (RuTPU)RU\TPU\subj\48445  |9 67312 
610 1 |a полимерные пены 
610 1 |a пенообразование 
610 1 |a вспененные полимеры 
610 1 |a структура 
610 1 |a свойства 
610 1 |a полиуретановые материалы 
610 1 |a блочные пены 
610 1 |a жесткие пенополиуретаны 
610 1 |a полиизоциануратные пены 
610 1 |a полистирольные пены 
610 1 |a структурные пены 
610 1 |a полуолефины 
610 1 |a ПВХ 
610 1 |a поливинилхлорид 
610 1 |a эпоксидные пены 
610 1 |a латексные губки 
610 1 |a латексные пены 
610 1 |a вспененные силиконы 
610 1 |a вспененные композиты 
610 1 |a фенольные пенопласты 
610 1 |a огнестойкость 
610 1 |a синтактные полимерные пены 
610 1 |a газообразователи 
610 1 |a окружающая среда 
675 |a 678.5-405.8  |v 3 
700 1 |a Клемпнер  |b Д.  |g Дэниел 
701 1 |a Сендиджаревич  |b В.  |g Вахид 
801 1 |a RU  |b 63413507  |c 20080522  |g PSBO 
801 2 |a RU  |b 63413507  |c 20150710  |g PSBO 
942 |c BK 
959 |a 63/20080522  |d 1  |e 0  |f ЧЗТЛ:1 
959 |a 96/20130603  |d 5  |e 1200,00  |f АНЛ:1  |f УФ:4